| 000 | 00614nam a2200217Ia 4500 | ||
|---|---|---|---|
| 005 | 20250923150048.0 | ||
| 008 | 008 250917s9999 xx 000 0 eng d | ||
| 037 | _aTextual | ||
| 040 |
_aDSWL _beng _cDSWL |
||
| 041 |
_aeng _2eng |
||
| 084 |
_a58:6, N73;1 _qDSWL |
||
| 100 |
_aNapier, R. W. _9841794 |
||
| 245 | 0 |
_aGrouops: Theory and experience _c by R. W. Napier |
|
| 260 |
_aBoston _bHoughton-Mifflin Publication _c1973 |
||
| 300 | _a148p. | ||
| 365 |
_aINR _b54.5 |
||
| 700 |
_aR Enfeld M Gersh _9841795 |
||
| 925 | _g54.5 | ||
| 942 |
_cTEXL _h58:6, N73;1 |
||
| 999 |
_c1459119 _d1459119 |
||